000 01557nam0a2200313 4500
001 RU\NLR\bibl\29012
005 20260408064700.0
021 _aRU
_b98-1742
_985
035 _a(NLR Aleph) 000028270
090 _a138976
_c138976
100 _a19990521d1997 |||y0rusy50 ca
101 0 _arus
102 _aRU
105 _aa |||||||||
200 1 _aЖивые ресурсы пелагиали и бентали Баренцева моря в районе обустройства и эксплуатации Штокмановского газоконденсатного месторождения (ГКМ)
_fГос. Ком. Рос. Федерации по рыболовству, Поляр. НИИ мор. рыб. хоз-ва и океанографии им. Н.М. Книповича (ПИНРО)
_g[Сост.: В.С. Баканев и др.]
210 _aМурманск
_cИзд-во ПИНРО
_d1997
215 _a82 с.
_cил.
_d20
606 1 _aБиологические ресурсы
_yБаренцево море
_91194535
_3RU\NLR\AUTH\66164747
686 _aП722.09(912)
702 1 _aБаканев
_bВ. С.
_4220
712 0 2 _4570
_aПолярный НИИ морского рыбного хозяйства и океанографии им. Н. М. Книповича
_cМурманск
_3RU\NLR\AUTH\8810042692
_9584826
801 0 _aRU
_bNLR
_c19990521
_gPSBO
801 1 _aRU
_bNLR
_c19990521
852 _aNLR
_j98-3/11270
942 _cBOOK
980 _aNB